000 00678nam a2200217Ia 4500
005 20220727155802.0
008 210716s2011 xx 000 0 und d
020 _a9780070146730
040 _cAIMIT LIBRARY
041 _aeng
082 _a519.53
_24
_bVOHN
100 _aVohra, N D.
_953620
245 _aQuantitative techniques in management /
_cBy N D Vohra
250 _a4th ed.
260 _aNew Delhi :
_bTata McGraw Hill Education Private Limited ,
_c2011.
300 _axvi,1063p. ;
650 _aDecision making and quantitative techniques
_953621
650 _aInventory management
_953622
650 _aSequencing
_953623
942 _2ddc
_cBK
_e4th
_k519.53 VOHN
999 _c187805
_d187805